000
00276nam a22001217a 4500
003
SGT
082
_a
621.382,PRA
100
_a
PRASAD, K.D.
245
_a
ELECTROMAGNETIC FLELDS & WAVES
260
_a
NEW DELHI
_b
SATYA PRAKASHAN
_c
2014
300
_a
1034
942
_2
ddc
_c
GF BOOKS
999
_c
32468
_d
32468